Marketing research

Đã lưu trong:
Bibliografiske detaljer
Format: Bog
Sprog:Undetermined
Udgivet: New Jersey Prentice- Hall, Inc 1978
Fag:
Tags: Tilføj Tag
Ingen Tags, Vær først til at tagge denne postø!
Thư viện lưu trữ: Trung tâm Học liệu Trường Đại học Cần Thơ
LEADER 00557nam a2200193Ia 4500
001 CTU_68966
008 210402s9999 xx 000 0 und d
082 |a 658.83 
082 |b M345 
245 0 |a Marketing research 
245 0 |c David J. Luck, ... [et al.] 
260 |a New Jersey 
260 |b Prentice- Hall, Inc 
260 |c 1978 
526 |a Marketing quốc tế,Nghiên cứu Marketing 
526 |b KT619,KT625 
650 |a Marketing research 
904 |i Trúc Phương 
980 |a Trung tâm Học liệu Trường Đại học Cần Thơ